| 000 | 01804nam a2200253 a 4500 | ||
|---|---|---|---|
| 008 | 120416s1970 xx |||||||||||||| || u | ||
| 050 | _aTH 145 Mac | ||
| 100 | _aMcKay, W. B | ||
| 245 | 1 | 0 |
_aBuilding construction, vol. 1. (5th ed.) _crevised by J.K. McKay |
| 250 | _a5th ed. | ||
| 260 | _c1970 | ||
| 350 | _a0.00 | ||
| 650 | _aBUILDING | ||
| 650 | _aBUILDING CONSTRUCTION | ||
| 995 |
_aTEXTBOOKS (SBE) _D0.00 _e20143 _FCBU-SCHOOL TEXTBOOK COLLECTIONS _H1 _I0.00 _jSCHOOL TEXTBOOK _M6 _UAVAILABLE _WNov 13, 2008 _y20143 _ZSchool Collections |
||
| 995 |
_aTEXTBOOKS (SBE) _D0.00 _e20157 _FCBU-SCHOOL TEXTBOOK COLLECTIONS _H1 _I0.00 _jSCHOOL TEXTBOOK _M7 _UAVAILABLE _WNov 13, 2008 _y20157 _ZSchool Collections |
||
| 995 |
_aTEXTBOOKS (SBE) _D0.00 _e2872 _FCBU-SCHOOL TEXTBOOK COLLECTIONS _H1 _I0.00 _jSCHOOL TEXTBOOK _M3 _UAVAILABLE _WOct 23, 2008 _y2872 _ZSchool Collections |
||
| 995 |
_aTEXTBOOKS (SBE) _D0.00 _e20159 _FCBU-SCHOOL TEXTBOOK COLLECTIONS _H1 _I0.00 _jSCHOOL TEXTBOOK _M9 _UAVAILABLE _WNov 13, 2008 _y20159 _ZSchool Collections |
||
| 995 |
_aTEXTBOOKS (SBE) _D0.00 _e20158 _FCBU-SCHOOL TEXTBOOK COLLECTIONS _H1 _I0.00 _jSCHOOL TEXTBOOK _M8 _UAVAILABLE _WNov 13, 2008 _y20158 _ZSchool Collections |
||
| 995 |
_aTEXTBOOKS (SBE) _D0.00 _e20146 _FCBU-SCHOOL TEXTBOOK COLLECTIONS _H1 _I0.00 _jSCHOOL TEXTBOOK _M4 _UAVAILABLE _WNov 13, 2008 _y20146 _ZSchool Collections |
||
| 995 |
_aTEXTBOOKS (SBE) _D0.00 _e20140 _FCBU-SCHOOL TEXTBOOK COLLECTIONS _H1 _I0.00 _jSCHOOL TEXTBOOK _M5 _UAVAILABLE _WNov 13, 2008 _y20140 _ZSchool Collections |
||
| 995 |
_aTEXTBOOKS (SBE) _D0.00 _e20155 _FCBU-SCHOOL TEXTBOOK COLLECTIONS _H1 _I0.00 _jSCHOOL TEXTBOOK _M10 _UAVAILABLE _WNov 13, 2008 _y20155 _ZSchool Collections |
||
| 995 |
_aBINDERY (DAMAGED) _D0.00 _e722860 _FCBU-MAIN LIBRARY (Kitwe) _H1 _I14.50 _jTH 145 Mac _M1 _UDAMAGED _y015145 _ZMain Library Open Access Collection |
||
| 999 |
_c77794 _d77794 |
||